| 000 | 01276nam a2200289 4500 | ||
|---|---|---|---|
| 001 | 0000018237 | ||
| 003 | CO-CtgCURN | ||
| 005 | 20250331185257.0 | ||
| 007 | ta | ||
| 008 | 160627s2008 000 0 eng d | ||
| 020 | _a9789583032332 | ||
| 040 |
_aCO-CtgCURN _bspa _ccoctgcurn |
||
| 082 | 0 |
_a658.4093 _bR277 |
|
| 245 | 0 | 0 |
_aReinventese : _bencamine su carrera en la dirección correcta / _ctraducción del inglés Julio Paredes ; edición en español Gabriel Silva. |
| 260 |
_aBogotá : _bPanamericana Editorial, _c2008. |
||
| 300 | _a99 p. | ||
| 336 | _2rdacontent | ||
| 337 |
_2rdamedia _asin mediacion _bn |
||
| 338 |
_2rdacarrier _avolumen _bnc |
||
| 490 | 1 | _aCol. Desafios El Espectador | |
| 505 | 8 | _a·Su carrera va en la dirección correcta?.--·Esta en el trabajo adecuado?.--Trace un plan para su carrera.--Realice un giro arriesgado en su carrera.--Evite el desgaste en el trabajo.--Maneje los dilemas de una doble carrera.--Reinventese.--Conviertase en candidato para un ascenso.--Determine el momento de cambiar.--Donde hallar mas ayuda | |
| 650 | 1 | 4 | _aSatisfacción en el trabajo. |
| 700 | 1 | _aParedes, Julio. | |
| 908 | _a160627 | ||
| 942 |
_cBK _h658.4093 _iR277 _2ddc |
||
| 999 |
_c25033 _d25033 |
||